000
00280nam a22001337a 4500
020
_a
0-582-4116-7
082
_a
621.3 HUG'E
100
_a
HUGHES, E
_9
77055
245
_a
ELECTRICAL TECHNOLOGY
250
_a
5TH
260
_a
LONDON
_b
ELBS
_c
1977
300
_a
710P
942
_c
BK
999
_c
582380
_d
582380